000 00533nam a2200193Ia 4500
005 20250326141218.0
008 250326s9999 xx 000 0 und d
037 _aTextbook
040 _aFMSL
_beng
_cFMSL
041 _aeng
_2eng
084 _aX:8F N1
_qFMSL
100 _aGlautier M W E
245 0 _aAccounting theory and practices
_cGlautier M W E; Underdown B
250 _a2
260 _aUnited Kingdom
_bUnited Kingdom, Pitman
_c1991
300 _a682p
942 _cTB
_hX:8F N1
999 _c1289248
_d1289248